| 000 | 01060aam a2200325 i 4500 | ||
|---|---|---|---|
| 001 | 768714001 | ||
| 003 | CO-MdFUSB | ||
| 005 | 20210325113844.0 | ||
| 007 | ta | ||
| 008 | 200521t1952 enka|||| |||| 00| 0 eng d | ||
| 020 | _a[No incluye ISBN] | ||
| 040 |
_bspa. _aCO-MdFUSB _cCO-MdFUSB _dCO-MdFUSBC _erda |
||
| 041 | _aeng | ||
| 082 |
_223 _a226.307 _bT246 |
||
| 100 | 1 |
_aTaylor, Vincent _eautor |
|
| 245 | 1 | 4 |
_aThe gospel according to St. Mark : _bthe Greek text with introduction, notes, and indexes _c/ Vincent Taylor |
| 250 | _asegunda edición | ||
| 264 | 1 |
_aLondres : _bMacmillan and Co. Limited, _c[1952] |
|
| 264 | 4 | _c© 1952 | |
| 300 |
_axx, 696 páginas _c; 23 cm |
||
| 336 |
_atexto _btxt _2rdacontent |
||
| 337 |
_2rdamedia _asin mediación _bn |
||
| 338 |
_2rdacarrier _avolumen _bnc |
||
| 505 | _aEl Evangelio según San Marcos: El texto griego con introducción, notas e índices | ||
| 563 | _aPasta dura | ||
| 630 | 7 |
_aBiblia. _pMarcos _xCrítica, interpretación, etc. |
|
| 942 | _cBK | ||
| 945 | _aJTF-925 | ||
| 999 |
_c46402 _d46402 |
||